| 000 | 01279nam a2200325Ia 4500 | ||
|---|---|---|---|
| 001 | ebr10741845 | ||
| 003 | CaPaEBR | ||
| 006 | m o u | ||
| 007 | cr cn||||||||| | ||
| 008 | 061211s2007 nyu sb 001 0 eng d | ||
| 010 | _z 2006101256 | ||
| 020 | _z9780801445644 (cloth : alk. paper) | ||
| 020 | _z9780801479021 | ||
| 020 | _z9780801469978 | ||
| 040 |
_aCaPaEBR _cCaPaEBR |
||
| 035 | _a(OCoLC)608407321 | ||
| 050 | 1 | 4 |
_aDR93.44 _b.G365 2007eb |
| 082 | 0 | 4 |
_a949.903/2 _222 |
| 100 | 1 | _aGanev, Venelin I. | |
| 245 | 1 | 0 |
_aPreying on the state _h[electronic resource] : _bthe transformation of Bulgaria after 1989 / _cVenelin I. Ganev. |
| 260 |
_aIthaca : _bCornell University Press, _c2007. |
||
| 300 | _axi, 222 p. | ||
| 504 | _aIncludes bibliographical references (p. [199]-214) and index. | ||
| 533 |
_aElectronic reproduction. _bPalo Alto, Calif. : _cebrary, _d2013. _nAvailable via World Wide Web. _nAccess may be limited to ebrary affiliated libraries. |
||
| 650 | 0 |
_aPost-communism _zBulgaria. |
|
| 651 | 0 |
_aBulgaria _xPolitics and government _y1990- |
|
| 655 | 7 |
_aElectronic books. _2local |
|
| 710 | 2 | _aebrary, Inc. | |
| 856 | 4 | 0 |
_uhttp://site.ebrary.com/lib/rucke/Doc?id=10741845 _zAn electronic book accessible through the World Wide Web; click to view |
| 999 |
_c35943 _d35943 |
||